000 00866cam a22002175a 4500
001 L150748
008 100831e2010 xxk 000 0 eng d
035 _a(Sirsi) u150748
041 0 _aeng
110 2 _aUnited Kingdom
_kLaws, etc.
_95044
245 0 4 _aThe Building and Approved Inspectors (Amendment) Regulations 2010
_h[electronic resource]
260 _aKew
_bNational Archives
_c2010
490 _aSI
_v(719)
520 _aAmendments to The Building Regulations coming into force 12 March 2010; Buildings and Buildings England and Wales.
590 _aKA NTK
650 2 4 _aBUILDING AND APPROVED INSPECTORS (AMENDMENT) REGULATIONS 2010
651 4 _aEngland and Wales
_y1543-
690 _aBuilding regulations
_96224
856 4 8 _uhttps://www.legislation.gov.uk/uksi/2010/719/made
_zView the website free of charge at www.legislation.gov.uk
942 _n0
999 _c110969
_d110969